000 00597nam a22002177a 4500
003 OSt
005 20220107122819.0
008 160720b xxu||||| |||| 00| 0 eng d
020 _a9788131729588
040 _cIIITMK
082 _a005.133J LIA/I; 1
100 _aLiang, Y. Daniel
_910331
245 _aIntroduction to Java programming:
_bComprehensive version
_cY. Daniel Liang
250 _a7
260 _aNoida,
_bPearson,
_c2015.
300 _a1327p.
650 _aCOMPUTER SCIENCE
_910332
650 _aCOMPUTER PROGRAMMING
_910333
650 _aJAVA PROGRAMMING
_910334
942 _2ddc
_cBK
999 _c5327
_d5327